000 00306nam a22001217a 4500
082 _a823
_bPAN/F
100 _aPREISS, PANLINE
245 _aFULL HOUSE MICHELLE, MY HO HO HORRIBLE X'MAS
260 _aUNITED KINGDOM
_bPOCKET BOOKS
_c1997
300 _a87
650 _aENGLISH STORY
_zPOCKET BOOKS
942 _cBK
999 _c7276
_d7276